<?xml version="1.0" encoding="UTF-8"?>
<marc:record xmlns:marc="http://www.loc.gov/MARC21/slim">
   <marc:leader>00000nam a2200000 a 4500</marc:leader>
   <marc:datafield ind1="1" ind2=" " tag="100">
      <marc:subfield code="a">Bok, Diederiekje</marc:subfield>
      <marc:subfield code="4">aut</marc:subfield>
      <marc:subfield code="e">Verfasser/-in</marc:subfield>
   </marc:datafield>
   <marc:datafield ind1=" " ind2=" " tag="653">
      <marc:subfield code="a">Berufe</marc:subfield>
   </marc:datafield>
   <marc:datafield ind1="0" ind2="0" tag="245">
      <marc:subfield code="a">Olli will was werden</marc:subfield>
   </marc:datafield>
   <marc:datafield ind1="0" ind2="0" tag="245">
      <marc:subfield code="c">Diederiekje Bok &amp; Hein Mevissen</marc:subfield>
   </marc:datafield>
   <marc:datafield ind1=" " ind2="1" tag="264">
      <marc:subfield code="a">Bamberg</marc:subfield>
      <marc:subfield code="b">Magellan</marc:subfield>
      <marc:subfield code="c">2016</marc:subfield>
   </marc:datafield>
   <marc:datafield ind1="1" ind2=" " tag="520">
      <marc:subfield code="a">Quelle: Stiftung Lesen (http://www.stiftunglesen.de/service/leseempfehlungen/); #Beruferaten ist ganz schön schwer! Fast so schwer wie der Held dieses Pappbilderbuchs. Der heißt nämlich Olli und ist kein gewöhnlicher Elefant, sondern ein  Ollifant! Und deswegen reichen ihm wahrscheinlich Zukunftsaussichten wie "Törööö" einfach nicht aus #Also, mal überlegen! Er könnte zum Beispiel  werden. Wie bitte? Was denn jetzt? Na, dafür muss man sich schon das Bild des freundlichen Ollifanten mit schneeweißer (Koch-)mütze genauer ansehen. Dann kommt man hinter einen von Ollis Berufsträumen - und die anderen haben z.B. mit einen Sporttrikot, einem gelben Helm, einer blauen Schirmmütze, einer roten Pappnase oder sogar einem rosafarbenen Tutu zu tun #Alle Kleinen werden einmal groß! Und vorher macht sich garantiert jeder der Buch-Betrachter so seine Gedanken, was er wohl mal werden möchte. Der Gag dieses heiteren Berufecastings für die Jüngsten liegt darin, dass der jeweilige Traumberuf eben nicht genannt, sondern von Olli höchstpersönlich anhand der typischen Ausrüstung vorgestellt wird. Da wird gemeinsam gerätselt, beschrieben, nachgefragt, erzählt und gelacht und weitergesponnen - spielerische Sprachförderung pur! mit raffiniert einfachen Illustrationen. Ab ca. 2 Jahren#*Stiftung Lesen*</marc:subfield>
   </marc:datafield>
   <marc:datafield ind1=" " ind2=" " tag="020">
      <marc:subfield code="a">9783734815232</marc:subfield>
      <marc:subfield code="9">9783734815232</marc:subfield>
   </marc:datafield>
   <marc:datafield ind1=" " ind2=" " tag="041">
      <marc:subfield code="a">ger</marc:subfield>
   </marc:datafield>
   <marc:datafield ind1=" " ind2=" " tag="300">
      <marc:subfield code="a">[24] S.</marc:subfield>
   </marc:datafield>
</marc:record>
